Abstracto y concreto en la Filosofía de Santo Tomás (Record no. 126214)

MARC details
000 -LEADER
campo de control de longitud fija 00575nam a2200157 4500
001 - NÚMERO DE CONTROL
campo de control 126214
003 - IDENTIFICADOR DE NÚMERO DE CONTROL
campo de control ES-MaACL
007 - CAMPO FIJO DE DESCRIPCIÓN FÍSICA--INFORMACIÓN GENERAL
campo de control de longitud fija t|
008 - DATOS DE LONGITUD FIJA--INFORMACIÓN GENERAL
campo de control de longitud fija 070214s1955 sp r ||||1| spa d
100 1# - ENTRADA PRINCIPAL--NOMBRE DE PERSONA
Nombre de persona Rebollo Peña, Ambrosio.
9 (RLIN) 95711
245 10 - MENCIÓN DEL TÍTULO
Título Abstracto y concreto en la Filosofía de Santo Tomás
Resto del título : estructura metafísica de los cuerpos /
Mención de responsabilidad, etc. Ambrosio Rebollo Peña.
260 ## - PUBLICACIÓN, DISTRIBUCIÓN, ETC.
Lugar de publicación, distribución, etc. Burgos :
Nombre del editor, distribuidor, etc. [s.n.],
Fecha de publicación, distribución, etc. 1955 (
Fabricante Hijos de S. Rodríguez)
300 ## - DESCRIPCIÓN FÍSICA
Extensión XXI, 231 p. ;
Dimensiones 24 cm.
500 ## - NOTA GENERAL
Nota general Es publicación del Seminario Metropolitano de Burgos.
852 ## - LOCALIZACIÓN
Ubicación ES-MaACL
Número de control de estantería C-9866
Sublocalización o colección R.38303
Holdings
Estatus retirado Estado de pérdida Estado de daño No para préstamo Biblioteca de origen Biblioteca actual Ubicación en estantería Fecha de adquisición Fuente de adquisición Total de préstamos Signatura topográfica completa Código de barras Visto por última vez Precio de reemplazo Tipo de ítem Koha
        Biblioteca del Ateneo de Madrid Biblioteca del Ateneo de Madrid Sala Palomar 17/01/2008     C-9866 1131463 23/02/2023 23/02/2023 Libro impreso